000 00593nam a2200181 i 4500
001 16744
003 ES-MaACL
005 20230906151404.0
007 t|
008 001030s2000 sp ||||1| spa d
080 _a262.13:82-34
100 1 _aCruz y Hermida, Julio.
_941859
245 1 3 _aLa papisa Juana
_b: un personaje entre la historia y la leyenda /
_cJulio Cruz y Hermida.
260 _aMadrid :
_b[s.n.],
_c2000.
300 _a14 p. :
_bil. ;
_c21 cm.
650 4 _aJuana, Papisa (Personaje de ficción)
_913965
852 _aES-MaACL
_j2154-F-21
_bR.128981
_q. - Ded. autógr. del autor
999 _c16744
_d16744